Sports Quiz

Random Sports or Baseball Quiz

Texas Rangers of the 2000s Quiz Stats

 Plays Quiz not verified by Sporcle

Challenge
Share
Tweet
Embed
Score 0/200 Timer 20:00
0 Plays Today
Player % Correct
Michael Young
97.6%
Ivan Rodriguez
97.3%
Alex Rodriguez
96.9%
Ricardo Rodriguez
96.1%
Eric Young
95.9%
Chris Young
95.9%
Ian Kinsler
92.3%
Josh Hamilton
86.2%
Hank Blalock
84.5%
Nelson Cruz
83.8%
Mark Teixeira
83.3%
Rafael Palmeiro
80%
Chris Davis
79.2%
Elvis Andrus
78.7%
Doug Davis
78.7%
Juan Gonzalez
77.8%
Adrian Gonzalez
77.8%
Kenny Rogers
72.7%
C.J. Wilson
72.2%
Alfonso Soriano
70.8%
Jarrod Saltalamacchia
69.8%
Gerald Laird
68.6%
Kevin Millwood
68.6%
David Murphy
65%
Rod Barajas
63.5%
Rusty Greer
62.3%
Colby Lewis
61.1%
Kevin Mench
60.6%
Jason Jones
58.2%
Andruw Jones
58.2%
Carlos Lee
56.5%
Chan Ho Park
56%
Sammy Sosa
55.6%
Milton Bradley
53.6%
Frank Francisco
53.6%
Laynce Nix
53.4%
Rick Helling
53.4%
Neftali Feliz
53.4%
Taylor Teagarden
53.1%
Jermaine Clark
53.1%
Gary Matthews Jr.
53.1%
Mark Clark
53.1%
Francisco Cordero
52.9%
Jonathan Johnson
51.9%
Vicente Padilla
51.7%
Marlon Byrd
51.4%
Matt Harrison
50.7%
Darren Oliver
50.2%
Scott Feldman
50%
Frank Catalanotto
49.3%
Max Ramirez
48.8%
Erasmo Ramirez
48.8%
Royce Clayton
48.6%
Einar Diaz
48.3%
Victor Diaz
48.1%
Derek Holland
47.3%
Kenny Lofton
45.7%
Ruben Sierra
45.7%
Julio Borbon
44.7%
Brad Wilkerson
44.2%
David Dellucci
43%
Scarborough Green
41.5%
Dave Martinez
41.1%
Omar Vizquel
40.1%
Tommy Hunter
38.4%
John Wetteland
38.4%
Ramon Vazquez
37.4%
Player % Correct
Ryan Drese
36.7%
Gabe Kapler
36.2%
Andres Galarraga
36%
Ben Broussard
35.5%
Rob Bell
35.5%
Richard Hidalgo
35%
Ken Caminiti
34.8%
Mike Lamb
34.5%
Carl Everett
34.5%
Mark DeRosa
33.3%
Phil Nevin
33.3%
Carlos Pena
33.1%
Jeff Zimmerman
33.1%
Luis Alicea
32.6%
Herbert Perry
32.6%
Ruben Mateo
31.2%
Joaquin Benoit
30.9%
Darren O'Day
29%
Randy Velarde
28.7%
Joaquin Arias
28.5%
Ismael Valdez
28.5%
Todd Greene
28%
Brad Fullmer
27.8%
Akinori Otsuka
27.8%
David Segui
27.5%
Doug Glanville
26.3%
Edinson Volquez
26.3%
Rosman Garcia
24.9%
Reynaldo Garcia
24.9%
Sandy Alomar Jr.
23.9%
Tom Evans
23.2%
Kameron Loe
22.7%
Ricky Ledee
22.2%
Jeff Nelson
22.2%
Brandon Boggs
21.7%
Chris Shelton
21.5%
Ron Mahay
21.3%
Chad Curtis
20.5%
R.A. Dickey
20.5%
Jamey Wright
20.5%
Brandon McCarthy
20.3%
Esteban German
20%
Ruben Rivera
20%
Brian Jordan
20%
Franklyn German
20%
Jason Botts
19.6%
Travis Hafner
19.3%
Eric Gagne
19.3%
Jerry Hairston Jr.
18.8%
John Thomson
18.8%
Esteban Loaiza
18.8%
Adam Eaton
18.6%
Bill Haselman
18.1%
Matt Stairs
18.1%
Mike Venafro
18.1%
Shane Spencer
17.6%
Bo Porter
17.6%
Eddie Guardado
17.4%
Chad Allen
17.1%
Hideki Irabu
16.4%
Ryan Ludwick
15%
John Koronka
15%
Kason Gabbard
14.5%
John Rocker
14%
Pedro Astacio
13.8%
Brian Shouse
13.5%
Jason Jennings
13.5%
Player % Correct
Dennys Reyes
13%
Adam Melhuse
12.8%
Travis Metcalf
12.3%
Doug Brocail
12.3%
D'Angelo Jimenez
11.8%
Marcus Thames
11.8%
Robinson Tejeda
11.8%
Jay Powell
11.8%
Ugueth Urbina
11.8%
Scott Sheldon
11.4%
Todd Hollandsworth
11.1%
Sidney Ponson
11.1%
Jason McDonald
10.9%
Tim Crabtree
10.9%
Mike Wood
10.9%
Craig Monroe
10.6%
Robert Ellis
10.1%
Ramon Nivar
9.9%
Pedro Valdes
9.7%
John Rheinecker
9.7%
Juan Alvarez
9.4%
Kris Benson
9.2%
Doug Mirabelli
8.9%
Ryan Glynn
8.7%
John Wasdin
8.2%
Luis Mendoza
8%
German Duran
7.7%
Juan Dominguez
7.7%
Doug Mathis
7.7%
Calvin Murray
7.5%
Eric Hurley
7.5%
Wes Littleton
7.5%
A.J. Murray
7.5%
Dustin Nippert
7.2%
Dave Burba
7.2%
Josh Rupe
7.2%
Willie Eyre
7.2%
Scott Erickson
7%
Matt Perisho
6.5%
Dan Kolb
6.5%
Esteban Yan
6.5%
Matt Kata
6%
Aaron Myette
6%
Victor Santos
5.8%
Carlos Almanzar
5.6%
C.J. Nitkowski
5.6%
Jeff Brantley
5.6%
Rudy Seanez
5.3%
Ryan Christenson
5.1%
Warner Madrigal
4.8%
Donnie Sadler
4.6%
Todd Van Poppel
4.6%
Pat Mahomes
4.3%
Mark Petkovsek
4.3%
Aaron Fultz
4.3%
Brian Sikorski
4.1%
Rick Bauer
3.6%
Juan Moreno
3.6%
Jason Grilli
3.4%
Jason Romano
2.9%
Jason Conti
2.9%
Mickey Callaway
2.9%
Chris Michalak
2.9%
Anthony Telford
2.9%
Tony Mounce
2.4%
Nick Regilio
2.4%

You're not logged in!

Compare scores with friends on all Sporcle quizzes.
Join for Free
OR
Log In

You Might Also Like...

Show Comments

Extras

Top Quizzes Today


Score Distribution

Your Account Isn't Verified!

In order to create a playlist on Sporcle, you need to verify the email address you used during registration. Go to your Sporcle Settings to finish the process.

Report this User

Report this user for behavior that violates our Community Guidelines.

Details: